000 00238nam a2200121Ia 4500
100 _a#N/A
650 _aComputer/ IT
942 _cBK
654 _aslackware 12.0
245 _aSlackware 12.0 Linux
260 _b#N/A
546 _aENGLISH
999 _c24960
_d24960